Infinite dimensional analysis : (Record no. 30200)

000 -LEADER
fixed length control field 00616 a2200181 4500
020 ## - INTERNATIONAL STANDARD BOOK NUMBER
International Standard Book Number 3540326960
020 ## - INTERNATIONAL STANDARD BOOK NUMBER
International Standard Book Number 9783540326960
082 ## - DEWEY DECIMAL CLASSIFICATION NUMBER
Classification number 515.7
090 ## - LOCALLY ASSIGNED LC-TYPE CALL NUMBER (OCLC); LOCAL CALL NUMBER (RLIN)
-- 1590
-- 1590
100 1# - MAIN ENTRY--PERSONAL NAME
Personal name Aliprantis, Charalambos D.
245 10 - TITLE STATEMENT
Title Infinite dimensional analysis :
Remainder of title a hitchhiker's guide /
Statement of responsibility, etc. Charalambos D. Aliprantis, Kim C. Border.
250 ## - EDITION STATEMENT
Edition statement 3rd ed.
260 ## - PUBLICATION, DISTRIBUTION, ETC.
Place of publication, distribution, etc. [S.l.] :
Name of publisher, distributor, etc. Springer,
Date of publication, distribution, etc. 2007.
300 ## - PHYSICAL DESCRIPTION
Extent 726 p. ;
Dimensions 24 cm.
700 ## - ADDED ENTRY--PERSONAL NAME
Personal name Border, Kim C
942 ## - ADDED ENTRY ELEMENTS (KOHA)
Institution code [OBSOLETE] SNS
Koha item type Book
Call number prefix 515.7 ALI
Holdings
Withdrawn status Lost status Damaged status Not for loan Permanent Location Current Location Date acquired Total Checkouts Full call number Barcode Date last seen Date last checked out Price effective from Koha item type
        School of Natural Sciences (SNS) School of Natural Sciences (SNS) 05/26/2016 1 515.7 ALI SNS0001740 06/30/2022 06/03/2022 05/26/2016 Book
© 2023 Central Library, National University of Sciences and Technology. All Rights Reserved.